Od rastliny k človekovi XXI.

Podrobná bibliografia
Hlavný autor: Mika, Karol, 1927-2025 (Autor)
Médium: Článok
Jazyk:slovenčina
Fyzický popis:Fotogr.
ISSN:1335-9878
Predmet:

MARC

LEADER 00000nab a2200000 ar4500
001 vtls009171945
003 SK-MaSNL
005 20260304212127.0
008 250506c2007 xo |||||||||||000 b|slo
015 |a SNBRB2008/01  |2 snkbucl 
035 |a (uuid)9667a2c5-e538-4b06-9084-96eb74ee7da4 
035 |a urn:nbn:sk:snk-ab249f 
035 |a (urnnbn)urn:nbn:sk:snk:ar-a01l1o 
038 |a SNKBUCL 
040 |a SNKBUCL  |b slo  |c SNKBUCL  |e AACR2 
041 0 |a slo 
044 |a xo  |c SK 
080 |a 615.322  |2 1997 
080 |a 615.89:633.88  |2 1997 
080 |a 633.88  |2 1997 
080 |a 582.711.71  |2 1997 
100 1 |a Mika, Karol,  |d 1927-2025  |4 aut  |9 88127 
245 1 0 |a Od rastliny k človekovi  |n XXI.  |c K. Mika 
300 |b Fotogr. 
650 0 7 |a fytoterapia  |2 snkbucl  |9 1147 
650 0 7 |a liečivé rastliny  |2 snkbucl  |9 3510 
650 0 7 |a jabloň planá  |2 snkbucl  |9 110006 
650 0 7 |a jabloň  |2 snkbucl  |9 83905 
773 0 |t Liečivé rastliny = Léčivé rostliny  |g Roč. XLIV, č. 5 (2007), s. 158-165  |x 1335-9878 
850 |a Slovenská národná knižnica 
852 |a Slovenská národná knižnica 
954 |a odborná, vedecká literatúra pôvodná (slovenská)  |2 lita 
958 |a article2022 
958 |a OND 
958 |a MI 
958 |a EUIPO 
999 |c 3130100  |d 3132030